00384nam a2200133Ia 4500003000400000008004100004040001600045082001500061100001800076245005200094260004100146650003400187650002900221GCL140319s9999 xx 000 0 eng d aGCL / cGCL04a813.4bW H1 aWOOLF, JUDITH10aHENRY JAMES: THE MAJOR NOVELS / cWOOLF, JUDITH a[S.N] : bCAMBRIBGE UNIVERSITY PRESS04aCRITICISM AND INTER PRETATION04aJAMES, HENRY 1843 - 1916